Normal view
MARC view
- Fatima Ahmad Ali Hammad Kanzay
Entry Personal Name
001 - CONTROL NUMBER
- control field: 119506
003 - CONTROL NUMBER IDENTIFIER
- control field: NUST
005 - DATE AND TIME OF LATEST TRANSACTION
- control field: 20231206163948.0
008 - FIXED-LENGTH DATA ELEMENTS
- fixed length control field: 231206|| aca||aabn | a|a d
040 ## - CATALOGING SOURCE
- Original cataloging agency: NUST
- Transcribing agency: NUST
100 ## - HEADING--PERSONAL NAME
- Personal name: Fatima Ahmad Ali Hammad Kanzay
670 ## - SOURCE DATA FOUND
- Source citation: Work cat.: (NUST): Fatima Ahmad Ali Hammad Kanzay , PR-SOF-2216-Zynq Based Smart Camera For Real-Time Dehazing, 2023.
